Engineering Applications of Stochastic Processes : Theory, Problems and Solutions
Saved in:
| Main Author: | |
|---|---|
| Other Authors: | , |
| Format: | Book |
| Language: | English |
| Published: |
Taunton : New York :
Research Studies Press Ltd., John Wiley,
1989
|
| Series: | Electronic & electrical engineering studies. Applied and engineering mathematics series ;
; 5 |
| Subjects: | |
| Tags: |
Add Tag
No Tags, Be the first to tag this record!
|
MARC
| LEADER | 00000nam a2200000 i 4500 | ||
|---|---|---|---|
| 001 | 1/45797 | ||
| 008 | 950608s1989 eng d | ||
| 020 | |a 0-86380-076-9 | ||
| 020 | |a 0-471-92148-3 | ||
| 035 | |a 1995 |c ΠΑΠΑΔΟΠΟΥΛΟΣ |l 10042633 | ||
| 040 | |a GR-MY-UA |b gre |e aacr | ||
| 041 | 0 | |a eng | |
| 082 | 0 | |a 620.0015192 | |
| 100 | 1 | |a Zayezdny, Alexander |d 1916- | |
| 245 | 1 | 0 | |a Engineering Applications of Stochastic Processes : |b Theory, Problems and Solutions / |c Alexander Zayezdny, Daniel Tabak and Dov Wulich ; Text Editor: Peter Smith |
| 260 | |a Taunton : |a New York : |b Research Studies Press Ltd., |b John Wiley, |c 1989 | ||
| 300 | |a 509 p.; |c 24 cm. | ||
| 490 | 1 | |a Electronic & electrical engineering studies. Applied and engineering mathematics series |v ; 5 | |
| 500 | |a Includes index | ||
| 650 | 0 | 0 | |a Electric engineering |x Mathematics. |
| 650 | 0 | 0 | |a Stochastic processes. |
| 700 | 1 | |a Tabak, Daniel |d 1934- | |
| 700 | 1 | |a Wulich, Dov. | |
| 830 | 0 | |a Electronic & electrical engineering studies. Applied and engineering mathematics series ; |v ; 5 | |
| 852 | |a INST |b SAMOS |e 19950608 |h 621.3015192 ZAY |p 005300005599 |q 005300005599 |t BK |y 0 | ||
| 909 | |a Σ |b 039088 | ||